Mobile Communications (Record no. 5018)

MARC details
005 - DATE AND TIME OF LATEST TRANSACTION
control field 20250625105615.0
020 ## - INTERNATIONAL STANDARD BOOK NUMBER
International Standard Book Number 978-81-317-2426-2
082 ## - DEWEY DECIMAL CLASSIFICATION NUMBER
Classification number 384.642SCH.
100 ## - MAIN ENTRY--PERSONAL NAME
Author name SCHELLER. J.
245 ## - TITLE STATEMENT
Title Mobile Communications
250 ## - EDITION STATEMENT
Edition statement 2nd Ed.
260 ## - PUBLICATION, DISTRIBUTION, ETC.
Place of publication, distribution, etc. London,
Name of publisher, distributor, etc. Peason Education Limited,
Date of publication, distribution, etc. 2003.
300 ## - PHYSICAL DESCRIPTION
Extent xix.; 471p.; ill, figure, table
Other physical details Index
Dimensions 23cm.
942 ## - ADDED ENTRY ELEMENTS (KOHA)
Source of classification or shelving scheme Dewey Decimal Classification
Koha item type Books
Holdings
Date last seen Total checkouts Full call number Barcode Cost, replacement price Price effective from Koha item type Lost status Source of classification or shelving scheme Damaged status Not for loan Withdrawn status Home library Current library Shelving location Date acquired Cost, normal purchase price
06/25/2025   384.642SCH DOM0003536 116850.00 06/25/2025 Books   Dewey Decimal Classification       CBE Dodoma CBE Dodoma Special Reserve Collection 07/24/2017 38950.00